Armenia : (Record no. 527478)
[ view plain ]
| 000 -LEADER | |
|---|---|
| fixed length control field | 01073nam a2200241 a 4500 |
| 001 - CONTROL NUMBER | |
| control field | 001124141 |
| 003 - CONTROL NUMBER IDENTIFIER | |
| control field | AM-YEHGA |
| 005 - DATE AND TIME OF LATEST TRANSACTION | |
| control field | 20250618080116.0 |
| 008 - FIXED-LENGTH DATA ELEMENTS--GENERAL INFORMATION | |
| fixed length control field | 160118s1965 le abefgr|||||||||0|eng|d |
| 040 ## - CATALOGING SOURCE | |
| Original cataloging agency | AM-YeHGA |
| 041 0# - LANGUAGE CODE | |
| Language code of text/sound track or separate title | eng |
| 090 ## - LOCALLY ASSIGNED LC-TYPE CALL NUMBER (OCLC); LOCAL CALL NUMBER (RLIN) | |
| -- | 565584 |
| 100 1# - MAIN ENTRY--PERSONAL NAME | |
| Personal name | Lynch, Harry Finnis Blosse, |
| Dates associated with a name | 1862-1913 |
| 245 10 - TITLE STATEMENT | |
| Title | Armenia : |
| Remainder of title | Travels and studies: In two volumes : with 197 illustrations, reproduced from photographs and sketches by the author, numerous maps and plans, a bibliography, and a map of Armenia and adjacent countries // |
| Statement of responsibility, etc. | by H.F.B. Lynch. |
| 260 ## - PUBLICATION, DISTRIBUTION, ETC. | |
| Place of publication, distribution, etc. | Beirut : |
| Name of publisher, distributor, etc. | Khayats, |
| Date of publication, distribution, etc. | 1965. |
| 300 ## - PHYSICAL DESCRIPTION | |
| Extent | volume : |
| Other physical details | col. frontispieces, ill., pl. (some color, some folded) maps (some folded) folded plans ; |
| Dimensions | 25 cm. |
| 440 #0 - SERIES STATEMENT/ADDED ENTRY--TITLE | |
| Title | Khayats Oriental Reprints |
| Volume/sequential designation | № 15 |
| 505 00 - FORMATTED CONTENTS NOTE | |
| Miscellaneous information | Vol. 1 (1965; xii, 470 p.: ill., maps (some folded)) : |
| Title | The Russian provinces ; |
| Miscellaneous information | Vol. 2 (1965; vii, 512 p.: ill.) : |
| Title | The Turkish provinces |
| 650 14 - SUBJECT ADDED ENTRY--TOPICAL TERM | |
| Topical term or geographic name entry element | History |
| Geographic subdivision | Armenia |
| 9 (RLIN) | 4954 |
| 650 14 - SUBJECT ADDED ENTRY--TOPICAL TERM | |
| Topical term or geographic name entry element | Geography |
| Geographic subdivision | Armenia |
| 651 14 - SUBJECT ADDED ENTRY--GEOGRAPHIC NAME | |
| Geographic name | Armenia |
| General subdivision | Description and travel |
| 942 ## - ADDED ENTRY ELEMENTS (KOHA) | |
| Source of classification or shelving scheme | Universal Decimal Classification |
| Koha item type | Գրքեր / Books |
| Withdrawn status | Lost status | Damaged status | Not for loan | Collection | Home library | Current library | Date acquired | Serial enumeration / chronology | Total checkouts | Full call number | Barcode | Date last seen | Price effective from | Koha item type | Public note |
|---|---|---|---|---|---|---|---|---|---|---|---|---|---|---|---|
| General | Fundamental Scientific Library | Fundamental Scientific Library | 06/04/2023 | Vol. 1 | И II/117693 | FL0671084 | 06/04/2023 | 06/04/2023 | Գրքեր / Books | 30 Days Loan | |||||
| General | Fundamental Scientific Library | Fundamental Scientific Library | 06/04/2023 | Vol. 2 | И II/117694 | FL0671085 | 06/04/2023 | 06/04/2023 | Գրքեր / Books | 30 Days Loan |
ՀՀ Գիտությունների ազգային ակադեմիայի հիմնարար գիտական գրադարան = Fundamental Scientific Library of NAS RA
All site content, except where otherwise noted, is licensed under a